[Event "Kiev Spring op"]
[Site "Kiev"]
[Date "2021.07.11"]
[Round "2"]
[White "Shton, Roman"]
[Black "Marchenko, Yelyzaveta"]
[Result "1-0"]
[WhiteElo "2038"]
[BlackElo "1571"]
[PlyCount "113"]
[EventDate "2021.07.10"]
[EventType "swiss"]
[EventRounds "9"]
[EventCountry "UKR"]
[SourceTitle "EXT 2024"]
[Source "ChessBase"]
[SourceDate "2023.10.10"]
[SourceVersion "1"]
[SourceVersionDate "2023.10.10"]
[SourceQuality "1"]

1. d4 Nf6 2. Nf3 d5 3. g3 e6 4. Bg2 Be7 5. 0-0 0-0 6. c4 dxc4 7. Qc2 a6 8. a4 c6 9. a5 b5 10. axb6 Qxb6 11. Nbd2 Nbd7 12. Nxc4 Qb5 13. Ra5 Qb8 14. Nfe5 Nxe5 15. Nxe5 Qb6 16. Nxc6 Bd6 17. Ra4 Bd7 18. Rc4 Rac8 19. Bf4 Bxc6 20. Bxd6 Bxg2 21. Rxc8 Qxd6 22. Rxf8+ Kxf8 23. Kxg2 Qxd4 24. Rd1 Qb6 25. Qc8+ Ke7 26. Rd2 a5 27. Rc2 Nd7 28. Qc7 Qb4 29. Qc3 Qg4 30. f3 Qf5 31. Qa3+ Kf6 32. e4 Qb5 33. Qc3+ Kg6 34. Rd2 Nc5 35. e5 a4 36. Qc2+ Kh6 37. Rd4 g6 38. Rc4 Nb3 39. Qe4 g5 40. h4 Nd2 41. Qe3 f6 42. Qxd2 Qxc4 43. exf6 Qb5 44. Qxg5+ Qxg5 45. hxg5+ Kg6 46. g4 e5 47. Kf2 Kf7 48. Ke3 Ke6 49. Ke4 Kf7 50. Kxe5 Kf8 51. Ke6 Ke8 52. f4 Kf8 53. f7 a3 54. bxa3 h6 55. g6 Kg7 56. Ke7 Kxg6 57. f8Q 1-0

[Event "Kiev Spring op"]
[Site "Kiev"]
[Date "2021.07.10"]
[Round "1"]
[White "Marchenko, Yelyzaveta"]
[Black "Mamedov, Ruslan"]
[Result "1/2-1/2"]
[WhiteElo "1571"]
[BlackElo "2224"]
[PlyCount "114"]
[EventDate "2021.07.10"]
[EventType "swiss"]
[EventRounds "9"]
[EventCountry "UKR"]
[SourceTitle "EXT 2024"]
[Source "ChessBase"]
[SourceDate "2023.10.10"]
[SourceVersion "1"]
[SourceVersionDate "2023.10.10"]
[SourceQuality "1"]

1. e4 c5 2. Nf3 e6 3. g3 Nf6 4. Nc3 Nc6 5. Bg2 d5 6. exd5 exd5 7. d4 Bg4 8. 0-0 Nxd4 9. Re1+ Be7 10. h3 Nxf3+ 11. Bxf3 Be6 12. Bg5 0-0 13. Bxf6 Bxf6 14. Nxd5 Bxb2 15. Rb1 Bd4 16. Nf4 Bxa2 17. Rxb7 a5 18. Ree7 Rb8 19. c3 Rxb7 20. Rxb7 Bxc3 21. Rd7 Qb8 22. Qe2 Qb3 23. Kg2 Qa4 24. Qe7 Bf6 25. Qd6 h6 26. Nd5 Bxd5 27. Bxd5 Qd4 28. Rxf7 Rxf7 29. Qe6 Qxd5+ 30. Qxd5 Bd4 31. f3 g6 32. Qa8+ Kg7 33. Qxa5 g5 34. Qa6 Rf6 35. Qb7+ Kg6 36. Qe4+ Kf7 37. Qd5+ Ke7 38. Qb7+ Kd6 39. Qb6+ Kd5 40. Qb7+ Kc4 41. Qb1 Kd5 42. Qb7+ Kc4 43. Qb1 Bc3 44. Qf1+ Kd5 45. Qd3+ Bd4 46. Qe4+ Kd6 47. Qd3 Re6 48. Qa6+ Ke5 49. f4+ gxf4 50. gxf4+ Kf6 51. Qc8 Re3 52. Qd8+ Kg6 53. Qd6+ Kf5 54. Qf8+ Ke4 55. Qxh6 c4 56. Qc6+ Kd3 57. Qb5 Re2+ 1/2-1/2

[Event "EU-ch Online U12 Girls"]
[Site "Tornelo INT"]
[Date "2020.09.19"]
[Round "5"]
[White "Huang, Wendy"]
[Black "Marchenko, Yelyzaveta"]
[Result "1/2-1/2"]
[WhiteElo "1860"]
[BlackElo "1538"]
[PlyCount "20"]
[EventDate "2020.09.18"]
[EventType "swiss (rapid)"]
[EventRounds "9"]
[EventCountry "NET"]
[SourceTitle "EXT 2023"]
[Source "ChessBase"]
[SourceDate "2022.10.05"]
[SourceVersion "1"]
[SourceVersionDate "2022.10.05"]
[SourceQuality "1"]
[WhiteTeam "Netherlands"]
[BlackTeam "Ukraine"]
[WhiteTeamCountry "NED"]
[BlackTeamCountry "UKR"]

1. e4 e6 2. d4 d5 3. Nd2 c5 4. exd5 Qxd5 5. Ngf3 cxd4 6. Bc4 Qd7 7. 0-0 Nf6 8. Nb3 Nc6 9. Nbxd4 Nxd4 10. Nxd4 a6 1/2-1/2

[Event "EU-ch Online U12 Girls"]
[Site "Tornelo INT"]
[Date "2020.09.19"]
[Round "4"]
[White "Marchenko, Yelyzaveta"]
[Black "Gaszka, Zuzanna"]
[Result "1-0"]
[WhiteElo "1538"]
[BlackElo "1270"]
[PlyCount "99"]
[EventDate "2020.09.18"]
[EventType "swiss (rapid)"]
[EventRounds "9"]
[EventCountry "NET"]
[SourceTitle "EXT 2023"]
[Source "ChessBase"]
[SourceDate "2022.10.05"]
[SourceVersion "1"]
[SourceVersionDate "2022.10.05"]
[SourceQuality "1"]
[WhiteTeam "Ukraine"]
[BlackTeam "Poland"]
[WhiteTeamCountry "UKR"]
[BlackTeamCountry "POL"]

1. e4 e5 2. Nf3 Nc6 3. Bc4 Nf6 4. d4 exd4 5. e5 d5 6. Bb5 Ne4 7. Nxd4 Bd7 8. Bxc6 bxc6 9. 0-0 Bc5 10. Be3 Qe7 11. f3 Ng5 12. f4 Ne4 13. Nd2 Bxd4 14. Bxd4 c5 15. Be3 Nxd2 16. Bxd2 0-0 17. Qf3 Rad8 18. Rae1 Bf5 19. Qg3 c4 20. c3 Rb8 21. Bc1 c5 22. Rd1 Rfd8 23. Qf3 Qd7 24. h3 d4 25. cxd4 cxd4 26. g4 Bd3 27. Rf2 Qb7 28. Qg3 Qe4 29. f5 Re8 30. Bf4 Bc2 31. Rdd2 Rxb2 32. Rfe2 Rb1+ 33. Kf2 Qh1 34. Rxd4 Qf1+ 35. Ke3 Bd3 36. Rf2 Re1+ 37. Kf3 Be2+ 38. Ke4 Bd1+ 39. Kd5 Qh1+ 40. Kc5 Rc8+ 41. Kb4 Qb7+ 42. Kc3 Rb8 43. Kd2 Qb4+ 44. Qc3 Qxc3+ 45. Kxc3 Be2 46. Kd2 Ra1 47. Kxe2 Rxa2+ 48. Ke3 Rb3+ 49. Ke4 Rb8 50. Rxa2 1-0

[Event "EU-ch Online U12 Girls"]
[Site "Tornelo INT"]
[Date "2020.09.19"]
[Round "6"]
[White "Marchenko, Yelyzaveta"]
[Black "Vlasova, Olesia"]
[Result "1/2-1/2"]
[WhiteElo "1538"]
[BlackElo "1697"]
[PlyCount "239"]
[EventDate "2020.09.18"]
[EventType "swiss (rapid)"]
[EventRounds "9"]
[EventCountry "NET"]
[SourceTitle "EXT 2023"]
[Source "ChessBase"]
[SourceDate "2022.10.05"]
[SourceVersion "1"]
[SourceVersionDate "2022.10.05"]
[SourceQuality "1"]
[WhiteTeam "Ukraine"]
[BlackTeam "Russia"]
[WhiteTeamCountry "UKR"]
[BlackTeamCountry "RUS"]

1. e4 c5 2. Nf3 Nc6 3. Nc3 g6 4. d4 cxd4 5. Nxd4 Bg7 6. Nde2 Nf6 7. g3 0-0 8. Bg2 d6 9. 0-0 Bd7 10. h3 a6 11. a4 Rb8 12. Nd5 Na5 13. c3 Nxd5 14. exd5 b5 15. axb5 axb5 16. Be3 Nc4 17. Ba7 Ra8 18. b3 Nb6 19. Re1 Qc7 20. Bxb6 Qxb6 21. Qd2 Rxa1 22. Rxa1 b4 23. Rb1 bxc3 24. Nxc3 Rc8 25. Ne4 Bf5 26. g4 Bxe4 27. Bxe4 Rc3 28. Kg2 Rxb3 29. Rxb3 Qxb3 30. Qc2 Qxc2 31. Bxc2 Bd4 32. f4 Kg7 33. Kf3 e6 34. Bb3 Kf6 35. Ke4 Bf2 36. Kf3 Bc5 37. Ke4 Bf2 38. Kf3 Bd4 39. Ke4 e5 40. fxe5+ Bxe5 41. Kf3 Kg5 42. Kg2 Kf4 43. Ba4 f5 44. gxf5 gxf5 45. Bc2 h6 46. Kf2 Bd4+ 47. Kg2 Ke5 48. Bb3 Be3 49. Kf3 f4 50. Ba2 Kf5 51. Bc4 Kg5 52. Bf1 Kh4 53. Bg2 Kg5 54. Bf1 Kf5 55. Bc4 Ke5 56. Bb3 Kd4 57. Ba2 Kd3 58. Bb1+ Kd2 59. Bf5 Ke1 60. Bg4 Kf1 61. Be6 Kg1 62. Bf5 Kh2 63. Be6 Kg1 64. Bf5 Kf1 65. Be6 Ke1 66. Bf5 Kd2 67. Be6 Kd3 68. Bf5+ Kd4 69. Be6 Ke5 70. Bg8 Bb6 71. Be6 Bd8 72. Bg8 Bg5 73. Be6 Kd4 74. Bg8 Kd3 75. Be6 Kd2 76. Bg8 Ke1 77. Be6 Kf1 78. Bc8 Kg1 79. Be6 Kh2 80. Bc8 Kh1 81. Be6 Kg1 82. Bc8 Kf1 83. Be6 Ke1 84. Bc8 Kd2 85. Be6 Kd3 86. Bg8 Kd4 87. Be6 Ke5 88. Bg8 Bh4 89. Be6 Bg3 90. Bg8 Kd4 91. Be6 Kd3 92. Bg8 Kd2 93. Be6 Ke1 94. Bg8 Kf1 95. Be6 Kg1 96. Bf5 h5 97. Bd7 Kf1 98. Be8 h4 99. Bd7 Ke1 100. Bg4 Kd2 101. Be6 Kd3 102. Bg8 Kd4 103. Be6 Ke5 104. Bg8 Kf6 105. Be6 Kg7 106. Bf5 Kf6 107. Be6 Ke5 108. Bg8 Be1 109. Be6 Bd2 110. Bg8 Kf6 111. Be6 Ke5 112. Bg8 Be1 113. Be6 Bg3 114. Bg8 Be1 115. Be6 Bg3 116. Bg8 Be1 117. Be6 Bg3 118. Bg8 Be1 119. Be6 Bg3 120. Bg8 1/2-1/2

[Event "Wch U10 Girls blitz"]
[Site "Minsk"]
[Date "2018.06.24"]
[Round "9"]
[White "Vu, My Linh"]
[Black "Marchenko, Yelyzaveta"]
[Result "0-1"]
[WhiteElo "1312"]
[BlackElo "1310"]
[PlyCount "161"]
[EventDate "2018.06.24"]
[EventType "swiss (blitz)"]
[EventRounds "9"]
[EventCountry "BLR"]
[SourceTitle "EXT 2019"]
[Source "ChessBase"]
[SourceDate "2018.10.10"]
[SourceVersion "1"]
[SourceVersionDate "2018.10.10"]
[SourceQuality "1"]

1. d4 d5 2. c4 e6 3. Nc3 Nf6 4. cxd5 exd5 5. Bf4 c6 6. Nf3 Bd6 7. Bxd6 Qxd6 8. g3 Nbd7 9. Bg2 0-0 10. 0-0 Re8 11. Nd2 Nf8 12. e4 dxe4 13. Ndxe4 Nxe4 14. Nxe4 Qg6 15. Nc5 b6 16. Nb3 Bb7 17. Rc1 Rad8 18. Qc2 Qd6 19. Bxc6 Rc8 20. d5 Bxc6 21. dxc6 Re6 22. Rfd1 Qxc6 23. Qxc6 Rexc6 24. Rxc6 Rxc6 25. Rd2 f6 26. Nd4 Rd6 27. Kg2 Kf7 28. Kf3 Ne6 29. Nb3 Rxd2 30. Nxd2 Ke7 31. Ne4 Kd7 32. Ke3 Kc6 33. Kd3 Kd5 34. Nc3+ Ke5 35. f4+ Kf5 36. h3 Nc5+ 37. Kd4 Ke6 38. Nb5 a6 39. Nc7+ Kd7 40. Nd5 Kc6 41. Nb4+ Kd6 42. b3 a5 43. Nc2 Ne6+ 44. Ke4 Nc5+ 45. Kf5 Nd3 46. a3 Nc5 47. b4 axb4 48. axb4 Nd3 49. h4 Kd5 50. g4 Kc4 51. g5 fxg5 52. hxg5 Nxb4 53. Ne3+ Kd4 54. Ng4 Nd5 55. Nh2 b5 56. Nf3+ Kc4 57. Ne5+ Kc3 58. Ke4 Nb6 59. Nc6 b4 60. Nxb4 Kxb4 61. Ke5 Kc5 62. f5 Nd7+ 63. Ke6 Kc6 64. f6 gxf6 65. gxf6 h5 66. Kf5 Kd6 67. Kg5 Nxf6 68. Kh4 Ke5 69. Kg5 Ke4 70. Kh4 Kf4 71. Kh3 Kg5 72. Kg3 h4+ 73. Kh3 Ne4 74. Kh2 Kg4 75. Kg2 h3+ 76. Kh2 Nf2 77. Kg1 Kg3 78. Kf1 h2 79. Ke2 h1Q 80. Ke3 Qd5 81. Ke2 0-1